Statystyki dla Państwa Jugosławi

Kliknij tutaj aby rozwiązać quiz!

Ogólne statystyki

  • Ten quiz został rozwiązany 72 razy
  • Średni wynik to 7 z 7

Statystyki odpowiedzi

Odpowiedź% Poprawnych
1serbia
100%
6chorwacja
98%
7bośnia i hercegowina
96%
4czarnogóra
96%
5macedonia północna
96%
3słowenia
94%
2kosowo
92%

Rozkład punktacji

Percentyl według liczby udzielonych odpowiedzi

Procent ludzi z każdym wynikiem

Twoja historia wyników

Nie rozwiązałeś tego quizu